Daily Capital City Riddle #19 - Statistics

General Stats
  • This quiz has been taken 77 times
  • The average score is 27 of 35
Answer Stats
Type Answer % Correct
Found Letter A
98%
Found Letter I
98%
Found Letter N
98%
Alphabet Letter O
98%
Alphabet Letter E
97%
Alphabet Letter R
97%
Found Letter T
97%
Alphabet Letter L
95%
Alphabet Letter S
95%
Alphabet Letter D
94%
Alphabet Letter B
92%
Alphabet Letter W
92%
Alphabet Letter C
89%
Alphabet Letter G
89%
Found Letter U
89%
Alphabet Letter H
88%
Alphabet Letter M
88%
Correctly Placed Letter A
86%
Alphabet Letter K
84%
Alphabet Letter P
81%
Correctly Placed Letter N
80%
Correctly Placed Letter I
75%
Correctly Placed Letter U
73%
Alphabet Letter J
72%
Alphabet Letter Y
72%
Alphabet Letter V
70%
Correctly Placed Letter U
56%
Alphabet Letter X
56%
Alphabet Letter Z
56%
Found Letter F
53%
Alphabet Letter Q
53%
Correctly Placed Letter F
45%
Correctly Placed Letter F
44%
Mystery Capital Funafuti
44%
Correctly Placed Letter T
44%
No matching quizzes found
Score Distribution
Percent of People with Each Score
Percentile by Number Answered
Your Score History
You have not taken this quiz